| 000 | 00800namaa2200277 a 4500 | ||
|---|---|---|---|
| 001 | vtls001303834 | ||
| 003 | NLI | ||
| 005 | 20210627043901.0 | ||
| 008 | 120418n dcu i000 0 eng | ||
| 039 | 9 |
_y201204181930 _zVLOAD |
|
| 040 | 0 |
_aNLI _cVTLS-2012_FOD _eAACR2 |
|
| 041 | 0 | _aeng | |
| 044 | _adcu | ||
| 082 | 0 | 4 | _a305.4 |
| 110 | 1 |
_aUnited States. _bWomen in Agriculture _9725344 |
|
| 245 | 1 | 0 | _aIdeas and action/special issue on rural women |
| 260 |
_aWashington, D.C. : _bUnited States Government Printing Office, _c[n.d.] |
||
| 300 |
_a50 p. : _bill. ; _c21 cm. |
||
| 500 | _aCover title | ||
| 650 | 0 |
_aWomen _vGovernment policy _9725345 |
|
| 650 | 0 |
_aFemales (Human) _9725346 |
|
| 887 | _a | ||
| 901 |
_aAD 146029 _b18.11.2010 |
||
| 902 | _aU.S 305.4 Un 3 | ||
| 942 |
_2ddc _cBKS |
||
| 999 |
_c596127 _d596127 |
||